00837nam a22002057a 4500003000500000005001700005008004100022010001000063011001000073035001000083040000900093100004400102245020600146260004100352300002100393502012300414650003400537650002500571650003500596CHAP20220329142158.0000201d1999 mx r 00110 spa d a79638 a80610 a91061 cCHAP00aLópez Hernández, Francisco Armín.10aPropuesta de un sistema administrativo para eficientizar el cultivo de flores utilizando dos fases del proceso administrativo (planeación y organización)c/por Francisco Armín López Hernández aChapingo, Méx. :bEl autor,c1999. a87 h. :bcuadros aTesis (Lic. en Administración de Empresas Agropecuarias) -- UACH. División de Ciencias Económico Administrativas14aAdministración de empresas.14aFloresxRendimiento.14aFloriculturazMéxico (Edo.).